All UK IATA Codes for Public Airports - Statistics

General Stats
  • This quiz has been taken 18 times
  • The average score is 25 of 70
Answer Stats
Airport Name IATA Code % Correct
Glasgow Airport GLA
90%
Heathrow Airport LHR
90%
Birmingham Airport BHX
80%
Gatwick Airport LGW
80%
Luton Airport LTN
80%
London Stansted Airport STN
80%
East Midlands Airport EMA
70%
Exeter Airport EXT
70%
London City Airport LCY
70%
Belfast International Airport BFS
60%
Bristol Airport BRS
60%
Edinburgh Airport EDI
60%
Isle of Man Airport IOM
60%
Leeds Bradford Airport LBA
60%
Liverpool John Lennon Airport LPL
60%
Manchester Airport MAN
60%
London Southend Airport SEN
60%
Southampton Airport SOU
60%
Aberdeen Airport ABZ
50%
Cardiff Airport CWL
50%
Inverness Airport INV
50%
Jersey Airport JER
50%
Newcastle International Airport NCL
50%
Newquay Cornwall Airport NQY
50%
Glasgow Prestwick Airport PIK
50%
George Best Belfast City Airport BHD
40%
Bournemouth Airport BOH
40%
Barra Airport BRR
40%
City of Derry Airport LDY
40%
Wick Airport WIC
40%
Benbecula Airport BEB
30%
Coll Airport COL
30%
Coventry Airport CVT
30%
Guernsey Airport GCI
30%
Humberside Airport HUY
30%
Islay Airport ILY
30%
Sumburgh Airport LSI
30%
Teeside International Airport MME
30%
Stornoway Airport SYY
30%
Tiree Airport TRE
30%
Blackbushe Airport BBS
20%
Barrow / Walney Island Airport (Barrow-in-Furness) BWF
20%
Cambridge City Airport CBG
20%
Dundee Airport DND
20%
Gloucestershire Airport GLO
20%
Kirkwall Airport KOI
20%
Norwich Airport NWI
20%
Swansea Airport SWS
20%
Anglesey Valley Airport VLY
20%
Alderney Airport ACI
10%
London Biggin Hill Airport BQH
10%
Campbeltown Airport CAL
10%
Carlisle Lake District Airport CAX
10%
Chester Hawarden Airport CEG
10%
Colonsay Airport CSA
10%
Eday Airport EOI
10%
Shoreham-by-Sea Airport ESH
10%
Haverfordwest Airport HAW
10%
St Mary's Airport (Isles of Scilly) ISC
10%
Land's End Airport LEQ
10%
Tingwall Airport (Lerwick) LWK
10%
Lydd Airport LYX
10%
Sanday Airport NDY
10%
North Ronaldsay Airport NRL
10%
Oban North Connel Airport OBN
10%
Papa Westray Airport PPW
10%
Perth Airport (Scone) PSL
10%
Chichester / Goodwood Airport QUG
10%
Stronsay Airport SOY
10%
Westray Airport WRY
10%
No matching quizzes found
Score Distribution
Percent of People with Each Score
Percentile by Number Answered
Your Score History
You have not taken this quiz